00922nam a2200229 a 4500001001000000003000500010005001700015008004100032010001100073011001100084040000900095100002900104245018800133260004100321500006000362502008200422650002100504650003500525650002500560650003700585856007000622000111557CHAP20220329144218.0150616s2015 mx a |sm |||||||spa d a108019 a108991 cCHAP1 aGarcía Miguel, Eduardo10aEfecto de extractos de Equisetum hyemale var affine x myriochaetum, en el crecimiento micelial de hongos fitopatógenos de Citrus sinensish[En línea]cpor Eduardo García Miguel. aChapingo, Méx. :bEl autor,c2015. aPara ver el contenido del material haga clic en la liga aTesis (Ing. en Recursos Naturales Renovables) -- UACH. Departamento de Suelos14aCitrus sinensis.14aControl biológico de hongos.14aExtractos vegetales.14aHongos fitopatógenosxControl. aFinding aiduhttp://10.13.5.2/tesis/sist111557.pdfzTeclea aquí